Online Catalogue and eLibrary

Feminisms and pedagogies of everyday life (Record no. 2935)

MARC details
000 -LEADER
fixed length control field 00509nam a2200193Ia 4500
005 - DATE AND TIME OF LATEST TRANSACTION
control field 20240605024447.0
008 - FIXED-LENGTH DATA ELEMENTS--GENERAL INFORMATION
fixed length control field 240331s9999 xx 000 0 und d
020 ## - INTERNATIONAL STANDARD BOOK NUMBER
ISBN 0791429660
082 ## - DDC Classification
Item Number - Author Mark FEM
Class No. 370
245 #0 - TITLE STATEMENT
Title Feminisms and pedagogies of everyday life
260 ## - PUBLICATION, DISTRIBUTION, ETC.
Place of publication, distribution, etc. Albany
Name of publisher, distributor, etc. State University of New York Press
Date of publication, distribution, etc. 1996
300 ## - PHYSICAL DESCRIPTION
Extent (e.g. Volumes, Pages etc.) vii,326 p.,
650 ## - SUBJECT ADDED ENTRY--TOPICAL TERM
Topical term or geographic name entry element Feminism
650 ## - SUBJECT ADDED ENTRY--TOPICAL TERM
Topical term or geographic name entry element Education
650 ## - SUBJECT ADDED ENTRY--TOPICAL TERM
Topical term or geographic name entry element Critical Pedagogies
650 ## - SUBJECT ADDED ENTRY--TOPICAL TERM
Topical term or geographic name entry element Women Socialization
700 ## - ADDED ENTRY--PERSONAL NAME
Personal name Luke, C. ed
942 ## - Koha item type (Biblio)
Koha item type Books in Stacks (Lending)
Holdings
Lost status Damaged status Collection code Home library Current library Shelving location Date acquired Full call number Accession Number Item type
    Lending WERC Library WERC Library Social Science Cupboard 03/31/2024 370 FEM 2260 Books in Stacks (Lending)

© WERC Library